000 01494nam a2200349 c 4500
003 BLK
005 20240623004056.0
008 180408b bul|||||r ||||||| ||bul||
010 _aKNG00061413000
040 _aBLK
041 _aBUL
_cBUL
080 _aБългарска литература
_b821.163.2
_x(092)
_z821.163.2(092)
080 _aБългарска литература
_b821.163.2
_x.09
_z821.163.2.09
080 _aБългарски писател, драматург, публицист и политик
_b929 Страшимиров, Антон Тодоров
_x
_z929 Страшимиров, Антон Тодоров
100 1 _aПопов, Страхил Тодоров
_eпърви автор
_9369494
139 _aПопов, Страхил Тодоров
_bС 84
245 1 0 _aАнтон Страшимиров
_bЖивот и творчество
_cСтрахил Тодоров Попов.
257 _aBGR
260 София
_bНар. просв.
_c1987
_fВраца : печ. В. Александров
300 _a131 с.
_c20 см
380 _a82
490 1 _aПоредица Творчески портрети
650 0 _aПисатели, български
_9241944
653 _aбългарски писатели
653 _aАнтон Страшимиров
852 _aЦб 148020
856 4 _qpdf
_u
856 4 _qpdf
_u
942 _cKNG
_n0
944 _aCR
_c13.06.2004
_k
_lCRON CRON
944 _aED
_c01.02.2006
_k
999 _c57410
_d57410